Anuari de premis i ajuts de treball per a obres en llengua catalana
Publicado:
Barcelona :
Departament de Cultura i Mitjans de Comunicació de la Generalitat de Catalunya ,
1981
Descripción Física:
399 p. ; 18 cm
Otros Autores:
Catalunya. Servei del Llibre
MARC
| LEADER | 00000nam a2200000Ia 4500 | ||
|---|---|---|---|
| 001 | 1542 | ||
| 008 | 160829s1981 xx 000 0 cat d | ||
| 080 | |a L-1-125 | ||
| 245 | |a Anuari de premis i ajuts de treball per a obres en llengua catalana | ||
| 260 | |a Barcelona : |b Departament de Cultura i Mitjans de Comunicació de la Generalitat de Catalunya, |c 1981 | ||
| 300 | |a 399 p. ; |c 18 cm | ||
| 590 | |a A la part superior de la portada: Direcció General d'Activitats Artístiques i Literàries. Servei del Llibre | ||
| 650 | |a Literatura catalana |x Premis |9 35980 | ||
| 650 | |a Premis |x Catalunya |x Directoris |9 35981 | ||
| 650 | |a Beques |x Catalunya |x Directoris |9 35982 | ||
| 700 | |a Catalunya. Servei del Llibre |9 35983 | ||
| 710 | 1 | |a Catalunya. |b Departament de Cultura i Mitjans de Comunicació |9 55890 | |
| 901 | |a Arxiu | ||
| 942 | |n 1 | ||
| 952 | |0 0 |1 0 |4 0 |6 L1125 |7 1 |9 47137 |a Arxiu |b Arxiu |d 2016-12-01 |l 0 |o L-1-125 |p 1542 |r 2016-12-01 00:00:00 |w 2016-12-01 |y ARXIU | ||
| 999 | |c 50934 |d 50934 | ||